00000000nam 2200000zi 4500
0019.946689
003CaOODSP
00520250121091710
006m     o  d f      
007cr bn|||||||||
008250109t19701970oncad   obfu f000 0 eng d
040 |aCaOODSP|beng|erda|cCaOODSP
043 |an-cn---
0861 |aNR24-28/1970-4E-PDF
24500|aCanadian Structural Design Manual 1970 : |bsupplement no. 4 to the National Building Code of Canada / |cissued by the Associate Committee on the National Building Code.
24610|aSupplement no. 4 to the National Building Code of Canada
250 |a[First edition 1970].
264 1|aOttawa : |bNational Research Council of Canada, |c1970.
264 4|c©1970
300 |a1 online resource (viii, 625 pages) : |billustrations, graphs + |e3 erratas (various pagings)
336 |atext|btxt|2rdacontent
337 |acomputer|bc|2rdamedia
338 |aonline resource|bcr|2rdacarrier
500 |aIssued also in French under title: Manuel canadien de calcul des structures 1970 : supplément no 4 au Code national du bâtiment du Canada.
504 |aIncludes bibliographical references.
520 |a"Supplement No. 4 to the National Building Code of Canada, 1970, has been prepared in this form as a Canadian Structural Design Manual for the convenience of structural designers throughout Canada"--Preface, page v.
650 0|aBuilding laws|zCanada.
650 0|aBuildings|xStandards|zCanada.
650 0|aStructural design|vHandbooks, manuals, etc.
655 7|aHandbooks and manuals|2lcgft
7102 |aNational Research Council of Canada. |bAssociate Committee on the National Building Code, |eissuing body.
77508|tManuel canadien de calcul des structures 1970 : |w(CaOODSP)9.946695
794 |tCommentaries on Part 4 (including requirements for plain and reinforced masonry) of the National Building Code of Canada 1975 : |w(CaOODSP)9.946724
85640|qPDF|s1.93 MB|uhttps://publications.gc.ca/collections/collection_2025/cnrc-nrc/NR24-28-1970-4-eng.pdf|zCode
85640|qPDF|s31.8 KB|uhttps://publications.gc.ca/collections/collection_2025/cnrc-nrc/NR24-28-1970-4-1-eng.pdf|zErrata
85640|qPDF|s399 KB|uhttps://publications.gc.ca/collections/collection_2025/cnrc-nrc/NR24-28-1970-4-2-eng.pdf|zErrata and revisions
85640|qPDF|s104 KB|uhttps://publications.gc.ca/collections/collection_2025/cnrc-nrc/NR24-28-1970-4-3-eng.pdf|zErrata and revisions change
986 |a11530